00535nam a2200157Ia 4500999001500000020001500015082001900030245004200049260004200091300001100133440005100144650001700195700002800212942001200240952012500252 c9776d9776 a8171416098 aRR 323.03 PRO- 0aProfessional training in human rights aNew DelhibDiscovery Publishingc2001 av, 628 aInternational encyclopaedia of human rights; 7 aHuman rights aRao, Digumarti Bhaskara cBK2ddc 001040708DaNASSDOCbNASSDOCd2016-09-05i2004-10-22l0oRR 323.03 PRO-pD001399r2019-04-18 00:00:00w2019-04-18yBK